00351nam a22001337a 4500003000400000008004100004020001800045100002800063245006200091300001000153650002500163942001200188999001700200OSt250212b |||||||| |||| 00| 0 eng d a9789348140906 aMISHRA, Akhilesh Kumar  aCross Damian Management: Strategies That Work Everywhere  a205p. aFaculty Publication  2ddccBK c13097d13097